<The> Adaptation procesess of polish agriculture to European Union

Prezentácia stavu poľského poľnohospodárstva a jeho adaptácie vzhľadom na integráciu do Európskej únie.

Guardado en:
Detalles Bibliográficos
Autor principal: Kapusta, Franciszek
Formato: Capítulo de libro
Lenguaje:inglés
Materias:
Etiquetas: Agregar Etiqueta
Sin Etiquetas, Sea el primero en etiquetar este registro!

MARC

LEADER 00000naa a2200000 4500
001 r042252
005 20230929064410.1
041 0 |a eng 
044 |a SK 
245 1 0 |a <The> Adaptation procesess of polish agriculture to European Union  |c Franciszek Kapusta 
520 |a Prezentácia stavu poľského poľnohospodárstva a jeho adaptácie vzhľadom na integráciu do Európskej únie. 
610 2 0 |a poľnohospodárstvo 
610 2 0 |a Poľsko 
610 2 0 |a adaptácia 
610 2 0 |a Európska únia 
610 2 0 |a integrácia ekonomická medzinárodná 
100 1 |a Kapusta, Franciszek